Fat-tailed and skewed asset return distributions : Implications for risk management, portfolio selection, and option pricing
Sparad:
| Huvudupphovsman: | |
|---|---|
| Materialtyp: | Sách |
| Språk: | Undetermined |
| Publicerad: |
John Wiley & Sons
2005
|
| Ämnen: | |
| Taggar: |
Lägg till en tagg
Inga taggar, Lägg till första taggen!
|
| Thư viện lưu trữ: | Trung tâm Thư viện - Trường Đại học Công nghiệp TP. Hồ Chí Minh |
|---|
| LEADER | 00572nam a2200157Ia 4500 | ||
|---|---|---|---|
| 001 | UIH_04219 | ||
| 008 | 231011s9999 xx 000 0 und d | ||
| 082 | |a 332.6 | ||
| 100 | |a Rachev, Sveltozar T | ||
| 245 | 0 | |a Fat-tailed and skewed asset return distributions : Implications for risk management, portfolio selection, and option pricing | |
| 245 | 0 | |c Rachev, Sveltozar T | |
| 260 | |b John Wiley & Sons | ||
| 260 | |c 2005 | ||
| 650 | |a Đầu tư; | ||
| 927 | |a Sách | ||
| 980 | |a Trung tâm Thư viện - Trường Đại học Công nghiệp TP. Hồ Chí Minh | ||